LIBRARY & INFORMATION CENTRE, KCAET, TAVANUR

ONLINE PUBLIC ACCESS CATALOGUE (OPAC)

Development and evaluation of a convective type dryer for nutmeg mace (Myristica fragrans houtt) (Record no. 14987)

MARC details
000 -LEADER
fixed length control field 00760nam a22001817a 4500
003 - CONTROL NUMBER IDENTIFIER
control field OSt
088 ## - REPORT NUMBER
Report number T 198
100 ## - MAIN ENTRY--AUTHOR NAME
Personal name CHIKKANNA G.S
245 ## - TITLE STATEMENT
Title Development and evaluation of a convective type dryer for nutmeg mace (Myristica fragrans houtt)
260 ## - PUBLICATION, DISTRIBUTION, ETC. (IMPRINT)
Place of publication Tavanur 2008
Name of publisher Department of Post-Harvest Technology and Agricultural Processing
300 ## - PHYSICAL DESCRIPTION
Number of Pages 70
500 ## - GENERAL NOTE
General note Development and evaluation of a convective type dryer for nutmeg mace (Myristica fragrans houtt)
520 ## - SUMMARY, ETC.
Summary, etc Development and evaluation of a convective type dryer for nutmeg mace (Myristica fragrans houtt)
700 ## - ADDED ENTRY--PERSONAL NAME
Personal name Er. Prince M.V (Guide)
856 ## - ELECTRONIC LOCATION AND ACCESS
Uniform Resource Identifier https://drive.google.com/open?id=1JDHPogLTGzm7-FHBE9EKyEFevq4wQGdQ
942 ## - ADDED ENTRY ELEMENTS (KOHA)
Koha item type Theses
Holdings
Collection code Home library Current library Shelving location Full call number Accession Number Koha item type Public note
Reference KAUAET KAUAET Reference 631.56 CHI/DE T 198 Theses M.Tech Thesis
free website counter